| 000 | 00768nam a22002297a 4500 | ||
|---|---|---|---|
| 003 | OSt | ||
| 005 | 20231004080555.0 | ||
| 008 | 221006b |||||||| |||| 00| 0 eng d | ||
| 040 | _cLado V | ||
| 082 |
_a779.944 _bR696b |
||
| 100 |
_91133 _aRodriguez, María Inés _eeditor |
||
| 245 |
_aBogotham City:/ _b100% Colombie Urbane/ |
||
| 260 |
_bAmbassade de Colombie en France _c2006 _aFrancia |
||
| 300 |
_c24x32cm _a30p. |
||
| 366 | _espa | ||
| 490 |
_a03 _v2008 |
||
| 650 |
_2Tesauro de Arte & Arquitectura _aARTE _9703 |
||
| 650 |
_2Tesauro de Arte & Arquitectura _aFOTOGRAFIA _9702 |
||
| 650 |
_2Tesauro de Arte & Arquitectura _aPAISAJE URBANO _9703 |
||
| 650 |
_2Tesauro de Arte & Arquitectura _aCOLOMBIA |
||
| 942 |
_2ddc _c1 _h779.944 _iR696b _n0 |
||
| 999 |
_c4434 _d4434 |
||